000 00799nam0a22002531 4500
001 rc\4956912
005 20260408060717.0
021 _aRU
_bРг5885
021 _aRU
_b61-34839
035 _a(NLR Aleph) 008788217
090 _a8024370
_c8024370
100 _a20130426d1960 |||y0rusy50 ca
101 0 _arus
102 _aRU
105 _aa z |||||
200 1 _aРадиола "Баку-58"
_eОписание и инструкция по эксплуатации
_fСНХ Азерб. ССР. Радиозавод
210 _aБаку
_cБ. и.
_d1960
215 _a46 с.
_cил.
_d14х21
712 0 2 _aБакинский радиозавод
_9297481
_3RU\NLR\AUTH\8810204828
801 0 _aRU
_bNLR
_gpsbo
801 1 _aRU
_bELAR
_2rusmarc
852 _aNLR
_j61-4/7848
942 _cBOOK
980 _aNB